LIBRARY & INFORMATION CENTRE, KCAET, TAVANUR

ONLINE PUBLIC ACCESS CATALOGUE (OPAC)

Flow in open channels / (Record no. 12267)

MARC details
000 -LEADER
fixed length control field 00608cam a2200241ua 4500
020 ## - INTERNATIONAL STANDARD BOOK NUMBER
ISBN 0-07-462446-6
041 ## - LANGUAGE CODE
Language code of text/sound track or separate title eng
082 ## - DEWEY DECIMAL CLASSIFICATION NUMBER
Classification number 532.54
Item number SUB/FL
100 ## - MAIN ENTRY--AUTHOR NAME
Personal name Subramanya, K .
245 ## - TITLE STATEMENT
Title Flow in open channels /
250 ## - EDITION STATEMENT
Edition statement 2 /
260 ## - PUBLICATION, DISTRIBUTION, ETC. (IMPRINT)
Place of publication New Delhi :
Name of publisher Tata Mc-Graw Hill Publishing Company ,
Year of publication 2004.
300 ## - PHYSICAL DESCRIPTION
Number of Pages 530 ; .
942 ## - ADDED ENTRY ELEMENTS (KOHA)
Koha item type Books
Holdings
Withdrawn status Lost status Damaged status Home library Current library Date acquired Full call number Accession Number Koha item type
      KAUAET KAUAET 07/04/2012 532.54 20932 Books
      KAUAET KAUAET 07/04/2012 532.54 20933 Books
      KAUAET KAUAET 07/04/2012 532.54 20934 Books
      KAUAET KAUAET 07/04/2012 532.54 20935 Books
      KAUAET KAUAET 07/04/2012 532.54 20936 Books
      KAUAET KAUAET 07/04/2012 532.54 21383 Books
free website counter